Darts Order Of Merit May 2025 - Statistics

General Stats
  • This quiz has been taken 242 times
  • The average score is 51 of 100
Answer Stats
Rk Nat Answer Prize Money % Correct
2 England Luke Littler 1300.5
100%
3 Netherlands Michael van Gerwen 736.75
99%
11 Wales Gerwyn Price 485
98%
1 England Luke Humphries 1879.75
98%
8 Australia Damon Heta 505.5
97%
13 Scotland Gary Anderson 473
94%
6 Wales Jonny Clayton 527.25
94%
4 England Stephen Bunting 576.5
94%
15 Northern Ireland Josh Rock 448
92%
16 Scotland Peter Wright 440.75
91%
5 England Rob Cross 550.25
91%
14 England Ross Smith 450.25
91%
18 Germany Martin Schindler 419.25
90%
20 England Michael Smith 392.25
90%
25 Northern Ireland Daryl Gurney 328
89%
22 Belgium Dimitri van den Bergh 382.75
88%
10 England Nathan Aspinall 502
88%
17 Netherlands Danny Noppert 439.75
87%
23 Netherlands Gian van Veen 377.75
86%
9 England James Wade 503.75
82%
7 England Chris Dobey 510.75
81%
21 Belgium Mike De Decker 391.25
81%
31 Poland Krzysztof Ratajski 278
80%
29 Germany Ricardo Pietreczko 294.25
79%
12 England Dave Chisnall 478.25
78%
39 Germany Gabriel Clemens 211
78%
34 Northern Ireland Brendan Dolan 264.25
74%
51 Portugal Jose de Sousa 116.75
74%
44 Latvia Madars Razma 151.5
72%
35 Netherlands Raymond van Barneveld 260
72%
31 Netherlands Dirk van Duijvenbode 278
69%
48 Belgium Kim Huybrechts 121
69%
24 England Joe Cullen 374.5
68%
36 Scotland Cameron Menzies 247.25
66%
47 Rep. of Ireland William O'Connor 133.5
66%
62 Austria Mensur Suljovic 85.25
64%
28 England Andrew Gilding 304.5
62%
59 Sweden Jeffrey de Graaf 92.5
60%
33 Netherlands Jermaine Wattimena 274.5
60%
30 England Luke Woodhouse 292.5
60%
55 Wales Jim Williams 96.75
59%
27 England Ritchie Edhouse 310.5
59%
19 England Ryan Searle 403.5
59%
37 England Scott Williams 240.75
59%
54 Canada Matt Campbell 99.5
57%
26 England Ryan Joyce 322.75
57%
65 France Thibault Tricole 72.75
57%
97 Lithuania Darius Labanauskas 18.25
56%
53 Rep. of Ireland Keane Barry 100.5
56%
40 England Callan Rydz 179.25
52%
46 Netherlands Wessel Nijman 145
52%
85 Czechia Karel Sedlacek 25.25
51%
43 England Ricky Evans 153
51%
93 Germany Niko Springer 21.25
49%
49 England Ian White 117.75
47%
42 Northern Ireland Mickey Mansell 154
47%
52 Germany Florian Hempel 108.25
46%
38 England Martin Lukeman 222.25
45%
49 Netherlands Richard Veenstra 117.75
43%
57 Scotland Alan Soutar 94.25
42%
41 Netherlands Kevin Doets 178.75
41%
58 Wales Rob Owen 93.25
36%
66 England Dom Taylor 63
35%
77 Germany Lukas Wenig 30.75
34%
76 Rep. of Ireland Steve Lennon 33
34%
45 Netherlands Niels Zonneveld 147
33%
86 Scotland William Borland 24.5
33%
100 England Bradley Brooks
31%
60 Wales Nick Kenny 90.75
31%
82 Netherlands Jelle Klaasen 28.25
30%
56 England Connor Scutt 95.25
29%
63 Rep. of Ireland Dylan Slevin 80.25
26%
84 USA Danny Lauby 26.75
25%
88 New Zealand Haupai Puha 24
25%
68 Belgium Mario Vandenbogaerde 50.75
24%
75 Northern Ireland Nathan Rafferty 33.75
23%
64 England Ryan Meikle 77.5
23%
91 Denmark Benjamin Reus 22.5
22%
79 Poland Radek Szaganski 30.5
22%
95 Poland Sebastian Bialecki 20
22%
71 Belgium Andy Baetens 36.5
20%
94 Germany Dominik Gruellich 20.75
20%
67 England James Hurrell 59
18%
61 England Stephen Burton 89.75
18%
83 England Owen Bates 27.5
16%
89 England Adam Lipscombe 23.75
15%
77 Scotland Darren Beveridge 30.75
14%
74 Wales Rhys Griffin 34
14%
68 Netherlands Chris Landman 50.75
13%
99 England Justin Hood 16.5
13%
72 Netherlands Berry van Peer 35
12%
98 England Cam Crabtree 17.75
12%
80 Netherlands Jitse Van der Wal 28.5
12%
80 England Adam Hunt 28.5
11%
86 Germany Martijn Dragt 24.5
10%
92 England George Killington 22
8%
95 Australia Brett Claydon 20
7%
70 England Matthew Dennant 37.25
7%
73 Netherlands Patrick Geeraets 34.25
7%
90 England Robert Grundy 22.75
7%
No matching quizzes found
Score Distribution
Percent of People with Each Score
Percentile by Number Answered
Your Score History
You have not taken this quiz